000 00656cam a22002415a 4500
001 L153447
008 110728s1971 xxk f 000 0 eng d
035 _a(Sirsi) u153447
041 _aeng
050 _a331.2166
_c18
110 _aRoyal Institution of Chartered Surveyors
_94900
245 _aProfessional charges
260 _a[S.l.]
_bRICS
_c1971
490 _aRICS Fee Scales
650 _aFEE SCALES
650 _aPROFESSIONAL CHARGES
650 _aPROFESSIONAL FEES
650 _aSURVEYORS' FEES
651 4 _aENGLAND AND WALES
690 _aMANAGEMENT-BUSINESS MANAGEMENT-PROFESSIONAL PRACTICE
942 _n0
948 _c04/03/1997
999 _c112522
_d112522